Normal view
MARC view
- Castillo, Oscar
Entry Personal Name
001 - CONTROL NUMBER
- control field: 81821
003 - CONTROL NUMBER IDENTIFIER
- control field: NUST
005 - DATE AND TIME OF LATEST TRANSACTION
- control field: 20210827153156.0
008 - FIXED-LENGTH DATA ELEMENTS
- fixed length control field: 210827|| aca||aabn | a|a d
040 ## - CATALOGING SOURCE
- Original cataloging agency: NUST
- Transcribing agency: NUST
100 ## - HEADING--PERSONAL NAME
- Personal name: Castillo, Oscar
670 ## - SOURCE DATA FOUND
- Source citation: Work cat.: (NUST)32998: Castillo, Oscar, Soft Computing for Intelligent Control and Mobile Robotics /
